000 00912nam a2200265 a 4500
001 1677976
003 OSt
005 20160816145130.0
008 980212s1998 enk b 001 0 eng
010 _a 98155044
020 _a1898507384 (pbk.)
040 _aDLC
_cDLC
_dDLC
082 _aWB 141
_bR42g 1998
100 1 _aRegnard, Claud F. B.
_910712
245 1 2 _aA guide to symptom relief in advanced disease /
_cClaud Regnard, Sue Tempest.
250 _a4th ed.
260 _aHale, England :
_bHochland & Hochland,
_c1998.
300 _aviii, 143 p. ;
_c24 cm.
504 _aIncludes bibliographical references (p. 121-137) and index.
650 0 _aPalliative treatment.
_910516
700 1 _aTempest, Sue.
_910713
906 _a7
_bcbc
_corignew
_d2
_encip
_f19
_gy-gencatlg
942 _2z
_cO_SHELF
999 _c5004
_d5004